| 000 | 00923nam a2200229 4500 | ||
|---|---|---|---|
| 001 | 122907 | ||
| 003 | ES-MaACL | ||
| 005 | 20260215172934.0 | ||
| 007 | t| | ||
| 008 | 070214s1965 sp r ||||0| spa d | ||
| 245 | 0 | 3 |
_aEl prólogo en el Renacimiento español / _cAlberto Porqueras Mayo, [selección y estudio]. |
| 260 |
_aMadrid : _bConsejo Superior de Investigaciones Científicas : _bInstituto Miguel de Cervantes de Filología Hispanica, _c1965. |
||
| 300 |
_aIX, 244 p ; _c25 cm. |
||
| 490 | 1 |
_aAnejos de Revista de Literatura ; _v24 |
|
| 700 | 1 |
_aPorqueras Mayo, Alberto, _d1930-2003 _9242807 |
|
| 710 | 2 |
_aConsejo Superior de Investigaciones Científicas (España) _93236 |
|
| 710 | 2 |
_aInstituto "Miguel de Cervantes" _95133 |
|
| 830 | 0 |
_aAnejos de Revista de Literatura ; _v24 _9182587 |
|
| 852 |
_aES-MaACL _jC-28070 _bR.57488 |
||
| 852 |
_aES-MaACL _jC-32247 _bR.62700 |
||
| 999 |
_c122907 _d122907 |
||